Villes d'Occitanie - Mort subite - Niveau difficile - Statistiques

Statistiques générales
  • Ce quiz a été pris 282 fois
  • Le résultat moyen est 6 sur 20
Answers on the Grid
Answers color-coded by a green-red scale on the quiz's grid according to % correct below.
Montréjeau
Frouzins
Mazères
Quillan
Torreilles
Mazamet
Caussade
Nogaro
Gramat
Requista
Sérignan
Saint-Gilles
Gavarnie-Gèdre
Toulouges
Pézenas
Cordes-sur-Ciel
Vauvert
Marseillan
Carbonne
Laguiole
Collonges-la-Rouge
Langeac
Valréas
Châteaurenard
Bollène
La Seyne-sur-Mer
Vielha
Lescar
Aire-sur-l'Adour
Soumoulou
 
Statistiques - réponses
Réponse % Correct
Mazamet
61%
Pézenas
54%
Marseillan
53%
Cordes-sur-Ciel
43%
Quillan
39%
Laguiole
38%
Toulouges
36%
Caussade
34%
Carbonne
30%
Gramat
30%
Sérignan
30%
Montréjeau
26%
Nogaro
26%
Saint-Gilles
26%
Torreilles
26%
Vauvert
23%
Gavarnie-Gèdre
21%
Requista
20%
Mazères
18%
Frouzins
16%
Aucun quiz correspondant
Distribution des résultats
% des personnes avec chaque résultat
Percentile par nombre de réponses
Votre historique - résultats
Vous n’avez pas pris ce quiz